Squadre vincitrici dello scudetto in Italia - Statistics

Statistiche generali
  • Questo quiz è stato fatto 170 volte
  • Il punteggio medio è 14 su 16
Statistiche sulle risposte
Scudetti vinti Squadra % Corretto
20 Inter
100%
36 Juventus
100%
19 Milan
100%
3 Roma
100%
2 Lazio
99%
3 Napoli
98%
7 Torino
96%
9 Genoa
93%
2 Fiorentina
92%
7 Bologna
89%
1 Sampdoria
87%
7 Pro Vercelli
84%
1 Verona
78%
1 Cagliari
76%
1 Casale
43%
1 Novese
31%
Nessun quiz corrispondente trovato
Distribuzione punteggi
Percentuale di utenti per punteggio
Percentile per numero di risposta
I tuoi punteggi nel tempo
Non hai fatto questo quiz